Normal view
MARC view
Entry Personal Name
001 - CONTROL NUMBER
- control field: 45273
003 - CONTROL NUMBER IDENTIFIER
- control field: ARRUPE
005 - DATE AND TIME OF LATEST TRANSACTION
- control field: 20190319091808.0
008 - FIXED-LENGTH DATA ELEMENTS
- fixed length control field: 190319|| aca||aabn | a|a d
040 ## - CATALOGING SOURCE
- Original cataloging agency: ARRUPE
- Transcribing agency: ARRUPE
100 ## - HEADING--PERSONAL NAME
- Personal name: Lorraine, Charles
670 ## - SOURCE DATA FOUND
- Source citation: Work cat.: (ARRUPE)86856: Evennett, Henry Outram 45272, The Cardinal of Lorraine and the Council of Trent, 1930